[Event "RUS-ch 53rd"]
[Site "Samara"]
[Date "2000.06.26"]
[Round "10"]
[White "Maljutin, Evgeni"]
[Black "Aseev, Konstantin N"]
[Result "0-1"]
[WhiteElo "2451"]
[BlackElo "2517"]
[PlyCount "90"]
[EventDate "2000.06.03"]
[EventType "swiss"]
[EventRounds "11"]
[EventCountry "RUS"]
[SourceTitle "CBM 078"]
[Source "ChessBase"]
[SourceDate "2000.10.18"]
[SourceVersion "1"]
[SourceVersionDate "2000.10.18"]
[SourceQuality "1"]

1. Nf3 Nf6 2. c4 e6 3. g3 a6 4. Nc3 d5 5. cxd5 exd5 6. d4 Be7 7. Bg2 0-0 8. 0-0 c6 9. Qc2 Nbd7 10. b3 Re8 11. Bb2 Bd6 12. Rae1 Nf8 13. Nd2 Ne6 14. Na4 Bd7 15. f3 c5 16. dxc5 Rc8 17. b4 b6 18. Bxf6 gxf6 19. Nc3 bxc5 20. Nxd5 Nd4 21. Qd1 Be6 22. f4 cxb4 23. e3 Nc2 24. Ne4 Be7 25. Nxe7+ Qxe7 26. f5 Bxa2 27. Qh5 Kh8 28. Rf4 Rg8 29. Rd1 Nxe3 30. Re1 Nxg2 31. Kxg2 Bd5 32. Kh3 Rg7 33. Re2 b3 34. Nc3 Qc5 35. Nxd5 Qxd5 36. Qh6 Qd6 37. Rfe4 a5 38. Rd2 Qb6 39. Re1 a4 40. Qf4 a3 41. Rd6 Qa5 42. Red1 a2 43. Qd4 Qxf5+ 44. Kg2 b2 45. Rxf6 b1Q 0-1

[Event "RUS-ch 53rd"]
[Site "Samara"]
[Date "2000.06.25"]
[Round "9"]
[White "Dolmatov, Sergey"]
[Black "Maljutin, Evgeni"]
[Result "1/2-1/2"]
[WhiteElo "2615"]
[BlackElo "2451"]
[PlyCount "133"]
[EventDate "2000.06.03"]
[EventType "swiss"]
[EventRounds "11"]
[EventCountry "RUS"]
[SourceTitle "CBM 078"]
[Source "ChessBase"]
[SourceDate "2000.10.18"]
[SourceVersion "1"]
[SourceVersionDate "2000.10.18"]
[SourceQuality "1"]

1. e4 d5 2. exd5 Nf6 3. d4 Nxd5 4. Nf3 g6 5. c4 Nb6 6. Be2 Bg7 7. 0-0 0-0 8. Nc3 Bg4 9. h3 Bxf3 10. Bxf3 Nc6 11. c5 Nc4 12. Bd5 N4a5 13. Bxc6 Nxc6 14. d5 Nd4 15. Be3 e5 16. Qd3 Qe7 17. Qc4 Rfd8 18. Rad1 c6 19. d6 Qe6 20. Qxe6 Nxe6 21. b4 f5 22. f3 a5 23. b5 e4 24. bxc6 Bxc3 25. cxb7 Ra6 26. Rb1 Rb8 27. Rfc1 Be5 28. f4 Bd4 29. Bxd4 Nxd4 30. Rc4 Nc6 31. Rb6 Rxb6 32. cxb6 Nd8 33. Rc8 Rxb7 34. Rxd8+ Kf7 35. Rc8 Ke6 36. Rc6 Kd5 37. d7 Rxd7 38. Rc7 Kd6 39. Ra7 Kc6 40. Rxa5 Kxb6 41. Re5 Rd1+ 42. Kf2 Rd2+ 43. Kf1 Rxa2 44. g4 Ra5 45. Re7 Kc5 46. Rxh7 Kd4 47. Kf2 Ra2+ 48. Kg3 e3 49. Rd7+ Ke4 50. Rd6 Ra1 51. Re6+ Kd3 52. Rd6+ Ke2 53. Rxg6 Rg1+ 54. Kh2 Kf2 55. gxf5 Rd1 56. f6 e2 57. Rg2+ Kf3 58. Rxe2 Kxe2 59. Kg3 Rd6 60. Kg4 Rxf6 61. h4 Ke3 62. Kg5 Ra6 63. h5 Ra5+ 64. f5 Ke4 65. h6 Rxf5+ 66. Kg6 Ra5 67. h7 1/2-1/2

[Event "RUS-ch 53rd"]
[Site "Samara"]
[Date "2000.06.24"]
[Round "8"]
[White "Maljutin, Evgeni"]
[Black "Ikonnikov, Vyacheslav"]
[Result "1-0"]
[WhiteElo "2451"]
[BlackElo "2550"]
[PlyCount "75"]
[EventDate "2000.06.03"]
[EventType "swiss"]
[EventRounds "11"]
[EventCountry "RUS"]
[SourceTitle "CBM 078"]
[Source "ChessBase"]
[SourceDate "2000.10.18"]
[SourceVersion "1"]
[SourceVersionDate "2000.10.18"]
[SourceQuality "1"]

1. e4 c5 2. Nf3 Nc6 3. Bb5 g6 4. Bxc6 dxc6 5. d3 Bg4 6. Be3 Bg7 7. Nbd2 b6 8. Qc1 h6 9. h3 Bxf3 10. Nxf3 e6 11. 0-0 Qc7 12. a4 a5 13. c3 Nf6 14. Rb1 g5 15. Nh2 c4 16. Qc2 cxd3 17. Qxd3 Nh5 18. Rfd1 Nf4 19. Qc4 0-0 20. Nf3 Rfd8 21. Bxf4 gxf4 22. Re1 h5 23. e5 Bh6 24. g4 fxg3 25. fxg3 Bg7 26. Qh4 Rd3 27. Qxh5 Rad8 28. Rf1 Qe7 29. Rbe1 Qc5+ 30. Kh2 Re3 31. Nd4 Qxe5 32. Qxf7+ Kh8 33. Rf4 Rxd4 34. cxd4 Qxf4 35. Qxf4 Rxe1 36. Qb8+ Kh7 37. Qxb6 Re2+ 38. Kh1 1-0

[Event "RUS-ch 53rd"]
[Site "Samara"]
[Date "2000.06.21"]
[Round "5"]
[White "Burmakin, Vladimir"]
[Black "Maljutin, Evgeni"]
[Result "0-1"]
[WhiteElo "2567"]
[BlackElo "2451"]
[PlyCount "82"]
[EventDate "2000.06.03"]
[EventType "swiss"]
[EventRounds "11"]
[EventCountry "RUS"]
[SourceTitle "CBM 078"]
[Source "ChessBase"]
[SourceDate "2000.10.18"]
[SourceVersion "1"]
[SourceVersionDate "2000.10.18"]
[SourceQuality "1"]

1. d4 g6 2. c4 Bg7 3. Nc3 d6 4. e4 Nd7 5. Nf3 e5 6. Be2 Nh6 7. dxe5 dxe5 8. h3 c6 9. Be3 f6 10. Qd2 Nf7 11. h4 Nf8 12. Qxd8+ Kxd8 13. 0-0-0+ Ke8 14. Ne1 Bh6 15. Bxh6 Nxh6 16. Nc2 Ke7 17. g3 Ne6 18. Rhf1 Rd8 19. Rxd8 Nxd8 20. f4 Bh3 21. Rh1 Bg4 22. Ne3 Bxe2 23. Nxe2 Ne6 24. h5 exf4 25. gxf4 g5 26. fxg5 fxg5 27. Ng3 Rd8 28. Re1 Nf4 29. Kc2 Ke6 30. a3 Ng8 31. Ng4 Nf6 32. Nxf6 Kxf6 33. e5+ Ke6 34. Ne4 g4 35. Nc5+ Ke7 36. Ne4 Nd3 37. Re2 Nxe5 38. Ng5 Kf6 39. Nxh7+ Kf5 40. Ng5 Kxg5 41. Rxe5+ Kh6 0-1

[Event "RUS-ch 53rd"]
[Site "Samara"]
[Date "2000.06.19"]
[Round "3"]
[White "Volkov, Sergey"]
[Black "Maljutin, Evgeni"]
[Result "1-0"]
[WhiteElo "2582"]
[BlackElo "2451"]
[PlyCount "95"]
[EventDate "2000.06.03"]
[EventType "swiss"]
[EventRounds "11"]
[EventCountry "RUS"]
[SourceTitle "CBM 078"]
[Source "ChessBase"]
[SourceDate "2000.10.18"]
[SourceVersion "1"]
[SourceVersionDate "2000.10.18"]
[SourceQuality "1"]

1. d4 d5 2. c4 dxc4 3. e4 c5 4. d5 e6 5. Nc3 exd5 6. exd5 Bd6 7. Bxc4 a6 8. a4 Nf6 9. Qe2+ Qe7 10. Qxe7+ Kxe7 11. Nge2 Re8 12. 0-0 h6 13. Re1 Nbd7 14. Ng3+ Kf8 15. Rxe8+ Nxe8 16. Nge4 Be5 17. Be3 b6 18. f4 Bb8 19. Be2 Nd6 20. a5 f5 21. Nxd6 Bxd6 22. axb6 Nxb6 23. Ra5 Nd7 24. Bd3 g6 25. g4 fxg4 26. Bxg6 Rb8 27. Ne4 Bc7 28. Ra2 Rb3 29. d6 Rxe3 30. dxc7 Ke7 31. Bf5 h5 32. Nxc5 Nxc5 33. Bxc8 Kd6 34. Bxg4 Kxc7 35. Bxh5 Nd3 36. f5 Re1+ 37. Kg2 Rb1 38. f6 Nf4+ 39. Kf2 Kd8 40. Bf3 Rxb2+ 41. Rxb2 Nd3+ 42. Ke3 Nxb2 43. Bc6 a5 44. Kd4 a4 45. h4 a3 46. Bd5 Na4 47. h5 Nb6 48. h6 1-0

[Event "Moscow-ch"]
[Site "Moscow"]
[Date "2000.??.??"]
[Round "5"]
[White "Kosyrev, Vladimir"]
[Black "Maljutin, Evgeni"]
[Result "1-0"]
[WhiteElo "2474"]
[BlackElo "2451"]
[PlyCount "105"]
[EventDate "2000.05.??"]
[EventType "swiss"]
[EventRounds "9"]
[EventCountry "RUS"]
[SourceTitle "EXT 2001"]
[Source "ChessBase"]
[SourceDate "2000.11.22"]
[SourceVersion "1"]
[SourceVersionDate "2000.11.22"]
[SourceQuality "1"]

1. d4 f5 2. Nf3 Nf6 3. c4 d6 4. g3 c6 5. b3 Qa5+ 6. Qd2 Qxd2+ 7. Nbxd2 b5 8. Bg2 bxc4 9. bxc4 g6 10. 0-0 Bg7 11. Re1 Ba6 12. Rb1 0-0 13. Ng5 Rc8 14. Ne6 Bh6 15. e3 Kf7 16. Nf4 Nbd7 17. Nd3 Nb6 18. Nb4 Bxc4 19. Nxc4 Nxc4 20. Nxc6 d5 21. Ne5+ Nxe5 22. dxe5 Ne4 23. Ba3 Rc3 24. Bb4 Rc2 25. f3 Nd2 26. Bxd2 Rxd2 27. f4 Bf8 28. Red1 Rxd1+ 29. Rxd1 Rc8 30. Bxd5+ e6 31. Bb3 Rc7 32. Kf2 h6 33. Rd8 Be7 34. Rd3 Bb4 35. Rd8 Be7 36. Ra8 Rd7 37. Ke2 Rc7 38. h3 Rd7 39. g4 Rc7 40. gxf5 gxf5 41. e4 fxe4 42. f5 Bg5 43. Bxe6+ Ke7 44. Bb3 Rc3 45. f6+ Kd7 46. e6+ Kc7 47. e7 Re3+ 48. Kf2 Rf3+ 49. Kg2 Bf4 50. e8Q Rg3+ 51. Kf1 Rf3+ 52. Ke2 Re3+ 53. Kd1 1-0

[Event "Moscow-ch"]
[Site "Moscow"]
[Date "2000.??.??"]
[Round "6"]
[White "Maljutin, Evgeni"]
[Black "Sambuev, Bator"]
[Result "1/2-1/2"]
[WhiteElo "2451"]
[BlackElo "2385"]
[PlyCount "73"]
[EventDate "2000.05.??"]
[EventType "swiss"]
[EventRounds "9"]
[EventCountry "RUS"]
[SourceTitle "EXT 2001"]
[Source "ChessBase"]
[SourceDate "2000.11.22"]
[SourceVersion "1"]
[SourceVersionDate "2000.11.22"]
[SourceQuality "1"]

1. d4 e6 2. Nf3 Nf6 3. c4 b6 4. g3 Ba6 5. b3 b5 6. Bg2 bxc4 7. Ne5 Bb4+ 8. Kf1 c6 9. bxc4 0-0 10. Bf3 d5 11. cxd5 cxd5 12. Kg2 Qb6 13. Ba3 Bxa3 14. Nxa3 Qa5 15. Nac4 Bxc4 16. Nxc4 Qa6 17. Ne5 Rc8 18. Qd3 Qa4 19. Rhb1 Nbd7 20. Nxd7 Nxd7 21. Qb5 Rc4 22. e3 Nb6 23. Bd1 Qa3 24. Rb3 Qa4 25. Qxa4 Rxa4 26. Rb5 Ra3 27. Rc5 g6 28. Bb3 a5 29. Bd1 Na4 30. Bxa4 Rxa4 31. a3 Rb8 32. Rc3 g5 33. Ra2 Kg7 34. Rac2 Rb7 35. Kf3 Kg6 36. h4 gxh4 37. gxh4 1/2-1/2

[Event "RUS-Cup03 Geller Memorial"]
[Site "Moscow"]
[Date "1999.02.14"]
[Round "5"]
[White "Kargin, Arseny"]
[Black "Maljutin, Evgeni"]
[Result "0-1"]
[WhiteElo "2251"]
[BlackElo "2440"]
[PlyCount "98"]
[EventDate "1999.02.10"]
[EventType "swiss"]
[EventRounds "9"]
[EventCountry "RUS"]
[SourceTitle "CBM 070"]
[Source "ChessBase"]
[SourceDate "1999.06.08"]
[SourceVersion "1"]
[SourceVersionDate "1999.06.08"]
[SourceQuality "1"]

1. e4 d6 2. d4 Nf6 3. Nc3 Nbd7 4. Nf3 e5 5. Bc4 Be7 6. 0-0 0-0 7. Re1 c6 8. a4 b6 9. d5 cxd5 10. Nxd5 Bb7 11. b3 Nxd5 12. Bxd5 Bxd5 13. Qxd5 Rc8 14. c4 Nc5 15. Rb1 Qc7 16. Be3 Qc6 17. Qxc6 Rxc6 18. Bxc5 bxc5 19. Rbd1 g6 20. Rd3 f5 21. Nd2 Rb6 22. f3 Bg5 23. Rd1 Rfb8 24. Kf2 Kf7 25. g4 fxg4 26. fxg4 Ke6 27. Nf3 Be7 28. Nd2 R8b7 29. Rh3 Bg5 30. Nf3 Bf4 31. Rd3 Kf6 32. Ne1 h6 33. Ng2 Kg5 34. Nxf4 Rf7 35. Rdf3 Rxf4 36. Kg2 Rxg4+ 37. Rhg3 h5 38. Kh3 Rxg3+ 39. hxg3 a5 40. Rd3 h4 41. gxh4+ Kf4 42. Rg3 Kxe4 43. Rxg6 Rxb3+ 44. Kg4 d5 45. cxd5 Kxd5 46. h5 Rb1 47. h6 Rh1 48. Kf5 c4 49. Ra6 c3 0-1

[Event "RUS-Cup03 Geller Memorial"]
[Site "Moscow"]
[Date "1999.02.11"]
[Round "2"]
[White "Maljutin, Evgeni"]
[Black "Nemtzev, Igor"]
[Result "0-1"]
[WhiteElo "2440"]
[BlackElo "2220"]
[PlyCount "76"]
[EventDate "1999.02.10"]
[EventType "swiss"]
[EventRounds "9"]
[EventCountry "RUS"]
[SourceTitle "CBM 070"]
[Source "ChessBase"]
[SourceDate "1999.06.08"]
[SourceVersion "1"]
[SourceVersionDate "1999.06.08"]
[SourceQuality "1"]

1. c4 e5 2. Nc3 Bb4 3. Nd5 Bc5 4. Nf3 e4 5. d4 Bf8 6. Nd2 c6 7. Nc3 d5 8. cxd5 cxd5 9. Nb3 Nc6 10. Bf4 Be6 11. e3 a6 12. Nc5 Bxc5 13. dxc5 Nge7 14. a3 0-0 15. Bd6 Re8 16. Be2 b6 17. Rc1 bxc5 18. Bxc5 Nf5 19. 0-0 Qg5 20. f4 exf3 21. Bxf3 Rad8 22. Nxd5 Nh4 23. Bb6 Rxd5 24. Bxd5 Bxd5 25. g3 h5 26. Rf4 Ng6 27. Rc5 Nce7 28. Rf2 h4 29. Bc7 Qxe3 30. Rc3 Qe4 31. Rff3 Rc8 32. Kf2 Bc6 33. Qd6 Bb5 34. Rfe3 Qh1 35. Re1 Qxh2+ 36. Kf3 hxg3 37. Qxg3 Qxb2 38. Rec1 Qe2# 0-1

[Event "RUS-Cup03 Geller Memorial"]
[Site "Moscow"]
[Date "1999.02.08"]
[Round "7"]
[White "Goletiani, Rusudan"]
[Black "Maljutin, Evgeni"]
[Result "0-1"]
[WhiteElo "2310"]
[BlackElo "2440"]
[PlyCount "58"]
[EventDate "1999.02.10"]
[EventType "swiss"]
[EventRounds "9"]
[EventCountry "RUS"]
[SourceTitle "CBM 070"]
[Source "ChessBase"]
[SourceDate "1999.06.08"]
[SourceVersion "1"]
[SourceVersionDate "1999.06.08"]
[SourceQuality "1"]

1. Nf3 d5 2. b3 c6 3. Bb2 Bf5 4. g3 h6 5. Bg2 e6 6. 0-0 Nf6 7. d3 Bc5 8. Nbd2 0-0 9. Ne5 Nbd7 10. Nxd7 Nxd7 11. e4 Bh7 12. Qe2 a5 13. a3 Qb6 14. exd5 cxd5 15. Qg4 Bg6 16. Bxd5 h5 17. Qa4 exd5 18. Qxd7 Rad8 19. Qa4 Rfe8 20. Bc3 Ra8 21. Qf4 Rac8 22. Qa4 Re2 23. d4 Bf8 24. Bxa5 Qa6 25. Qd7 Qxa5 26. Qxc8 Qxd2 27. Qxb7 Be4 28. Rad1 Qc3 29. Rd3 Qxc2 0-1

[Event "Moscow-ch"]
[Site "Moscow"]
[Date "1997.??.??"]
[Round "5"]
[White "Lastin, Alexander"]
[Black "Maljutin, Evgeni"]
[Result "1-0"]
[WhiteElo "2535"]
[BlackElo "2420"]
[PlyCount "35"]
[EventDate "1997.??.??"]
[EventType "swiss"]
[EventRounds "9"]
[EventCountry "RUS"]
[SourceTitle "EXT 2000"]
[Source "ChessBase"]
[SourceDate "1999.11.16"]
[SourceVersion "1"]
[SourceVersionDate "1999.11.16"]
[SourceQuality "1"]

1. e4 d5 2. exd5 Qxd5 3. Nc3 Qa5 4. d4 Nf6 5. Nf3 c6 6. Bc4 Bg4 7. h3 Bxf3 8. Qxf3 e6 9. Bd2 Qb6 10. 0-0-0 Qxd4 11. Bg5 Qe5 12. h4 Be7 13. Rhe1 Qc7 14. Bxf6 Bxf6 15. Ne4 Bxh4 16. Nd6+ Kf8 17. Rxe6 Na6 18. Nxf7 1-0

[Event "Moscow-ch"]
[Site "Moscow"]
[Date "1996.??.??"]
[Round "2"]
[White "Donchenko, Anatoly G"]
[Black "Maljutin, Evgeni"]
[Result "1/2-1/2"]
[WhiteElo "2370"]
[BlackElo "2495"]
[PlyCount "76"]
[EventDate "1996.08.??"]
[EventType "swiss"]
[EventRounds "11"]
[EventCountry "RUS"]
[SourceTitle "CBM 055 Extra"]
[Source "ChessBase"]
[SourceDate "1997.01.01"]
[SourceVersion "1"]
[SourceVersionDate "1997.01.01"]
[SourceQuality "1"]

1. Nf3 d5 2. d4 Bf5 3. c4 e6 4. Nc3 Nc6 5. cxd5 exd5 6. Bf4 Nf6 7. e3 Be7 8. Bd3 Bxd3 9. Qxd3 Nb4 10. Qe2 0-0 11. a3 Nc6 12. 0-0 a6 13. b4 Na7 14. Rfc1 Nh5 15. Be5 f6 16. Bg3 Nxg3 17. hxg3 c6 18. e4 dxe4 19. Qc4+ Rf7 20. Nxe4 Nb5 21. Nc5 Bxc5 22. bxc5 Qd5 23. Qxd5 cxd5 24. Re1 Rd7 25. Re6 Kf7 26. Rb6 Rc8 27. a4 Na7 28. Rab1 Rcc7 29. Kf1 Nc8 30. R6b2 Re7 31. Ne1 Na7 32. Nc2 Red7 33. f3 Nc6 34. Kf2 h5 35. Rb6 Ke8 36. Rh1 g6 37. Rd1 Kf7 38. Nb4 Na5 1/2-1/2

[Event "Moscow Alekhine op"]
[Site "Moscow"]
[Date "1996.??.??"]
[Round "5"]
[White "Genba, Vladimir"]
[Black "Maljutin, Evgeni"]
[Result "1/2-1/2"]
[WhiteElo "2380"]
[BlackElo "2495"]
[PlyCount "52"]
[EventDate "1996.??.??"]
[EventType "swiss"]
[EventRounds "9"]
[EventCountry "RUS"]
[SourceTitle "EXT 1999"]
[Source "ChessBase"]
[SourceDate "1998.11.16"]
[SourceVersion "1"]
[SourceVersionDate "1998.11.16"]
[SourceQuality "1"]

1. e4 c5 2. c4 Nc6 3. Nc3 e5 4. d3 d6 5. Rb1 g6 6. a3 Bg7 7. h4 h5 8. Nd5 Nce7 9. Nf3 Nxd5 10. cxd5 Nh6 11. b4 b6 12. Be2 0-0 13. Ng5 Qe7 14. Qb3 Re8 15. a4 f6 16. Nf3 Nf7 17. Nd2 Bh6 18. Nc4 Bxc1 19. Rxc1 f5 20. exf5 Bxf5 21. Ne3 Nh6 22. Bf3 Rf8 23. bxc5 bxc5 24. Rxc5 Qf6 25. Rc4 Rab8 26. Qc2 Rb7 1/2-1/2

[Event "Moscow-ch"]
[Site "Moscow"]
[Date "1996.??.??"]
[Round "1"]
[White "Maljutin, Evgeni"]
[Black "Parfenov, Vladislav"]
[Result "1-0"]
[WhiteElo "2495"]
[BlackElo "2300"]
[PlyCount "81"]
[EventDate "1996.08.??"]
[EventType "swiss"]
[EventRounds "11"]
[EventCountry "RUS"]
[SourceTitle "CBM 055 Extra"]
[Source "ChessBase"]
[SourceDate "1997.01.01"]
[SourceVersion "1"]
[SourceVersionDate "1997.01.01"]
[SourceQuality "1"]

1. Nf3 g6 2. e4 Bg7 3. d4 d6 4. c3 Nf6 5. Bd3 0-0 6. 0-0 c6 7. Bg5 Qc7 8. Qc1 e5 9. Bh6 Re8 10. Bxg7 Kxg7 11. Nbd2 Nbd7 12. Re1 Nf8 13. h3 h6 14. Bf1 b6 15. a4 a6 16. dxe5 dxe5 17. b4 Bb7 18. a5 b5 19. c4 Qe7 20. Qc3 g5 21. Nb3 Rad8 22. Rac1 Ng6 23. g3 Rd6 24. Bg2 Red8 25. Nc5 Bc8 26. Nh2 Rd4 27. cxb5 cxb5 28. Nf1 Nd7 29. Ne3 Nxc5 30. bxc5 Rd3 31. Qa1 R8d4 32. Nf5+ Bxf5 33. exf5 Nf8 34. Bf1 Rd2 35. c6 Qc7 36. Qa3 Rd5 37. f6+ Kg8 38. Qe7 Ne6 39. Be2 Qxe7 40. fxe7 Nc7 41. Bg4 1-0

[Event "Moscow IM3"]
[Site "Moscow"]
[Date "1996.??.??"]
[Round "?"]
[White "Semenov, Valeri"]
[Black "Maljutin, Evgeni"]
[Result "1/2-1/2"]
[WhiteElo "2375"]
[BlackElo "2495"]
[PlyCount "31"]
[EventDate "1996.??.??"]
[EventType "tourn"]
[EventRounds "9"]
[EventCountry "RUS"]
[EventCategory "4"]
[SourceTitle "EXT 2000"]
[Source "ChessBase"]
[SourceDate "1999.11.16"]
[SourceVersion "1"]
[SourceVersionDate "1999.11.16"]
[SourceQuality "1"]

1. Nf3 d5 2. d4 Nf6 3. c4 e6 4. Nc3 dxc4 5. e3 c5 6. Bxc4 a6 7. a4 Nc6 8. 0-0 Be7 9. Qe2 cxd4 10. Rd1 e5 11. exd4 exd4 12. b4 0-0 13. b5 axb5 14. Nxb5 Bc5 15. Ne5 Nd5 16. Nxc6 1/2-1/2

[Event "Moscow GM5"]
[Site "Moscow"]
[Date "1996.??.??"]
[Round "?"]
[White "Zaitsev, Igor A"]
[Black "Maljutin, Evgeni"]
[Result "1-0"]
[WhiteElo "2460"]
[BlackElo "2495"]
[PlyCount "38"]
[EventDate "1996.??.??"]
[EventType "tourn"]
[EventRounds "8"]
[EventCountry "RUS"]
[EventCategory "7"]
[SourceTitle "EXT 2000"]
[Source "ChessBase"]
[SourceDate "1999.11.16"]
[SourceVersion "1"]
[SourceVersionDate "1999.11.16"]
[SourceQuality "1"]

1. e4 Nf6 2. e5 Nd5 3. Nc3 Nxc3 4. bxc3 c5 5. Nf3 d5 6. exd6 Qxd6 7. d4 cxd4 8. cxd4 Bg4 9. Rb1 Qc7 10. h3 Bxf3 11. Qxf3 Nc6 12. d5 Nd4 13. Bb5+ Nxb5 14. Rxb5 Qxc2 15. 0-0 Qc7 16. d6 Qxd6 17. Rxb7 Rc8 18. Ba3 Qf6 19. Qg4 e6 1-0

[Event "Moscow-ch"]
[Site "Moscow"]
[Date "1996.??.??"]
[Round "4"]
[White "Zhurina, Elizaveta"]
[Black "Maljutin, Evgeni"]
[Result "1/2-1/2"]
[WhiteElo "2310"]
[BlackElo "2495"]
[PlyCount "140"]
[EventDate "1996.08.??"]
[EventType "swiss"]
[EventRounds "11"]
[EventCountry "RUS"]
[SourceTitle "CBM 055 Extra"]
[Source "ChessBase"]
[SourceDate "1997.01.01"]
[SourceVersion "1"]
[SourceVersionDate "1997.01.01"]
[SourceQuality "1"]

1. d4 d6 2. Nf3 f5 3. c4 Nf6 4. Nc3 g6 5. g3 Bg7 6. Bg2 0-0 7. 0-0 c6 8. d5 e5 9. dxe6 Bxe6 10. Qd3 Qe7 11. Nd4 Nbd7 12. Nxe6 Qxe6 13. b3 Ne4 14. Bb2 Ndc5 15. Qc2 Nxc3 16. Bxc3 Bxc3 17. Qxc3 Qxe2 18. Rfe1 Qd3 19. Qxd3 Nxd3 20. Red1 Nc5 21. b4 Ne4 22. Bxe4 fxe4 23. Rxd6 a5 24. b5 cxb5 25. cxb5 Rf5 26. a4 Rc8 27. Ra2 Rc4 28. b6 Rb4 29. Rc2 Rxa4 30. Rd7 Rf7 31. Rcc7 Rxd7 32. Rxd7 Ra1+ 33. Kg2 Ra2 34. Kf1 e3 35. fxe3 Rxh2 36. Rxb7 Rb2 37. Ra7 Rxb6 38. Rxa5 Kg7 39. Kf2 h5 40. Ra4 g5 41. Kf3 g4+ 42. Kf4 Kg6 43. Ke5 Kg5 44. Ra5 Rf6 45. Ke4+ Kg6 46. Rb5 Ra6 47. Kf4 Rf6+ 48. Ke4 Kh6 49. Ra5 Rg6 50. Ra1 Re6+ 51. Kf4 Rf6+ 52. Ke4 h4 53. gxh4 Kh5 54. Ke5 Rf2 55. e4 g3 56. Kd6 g2 57. Rg1 Rd2+ 58. Ke6 Kxh4 59. e5 Kg5 60. Kf7 Rf2+ 61. Ke7 Kg6 62. e6 Kg7 63. Ke8 Re2 64. Ke7 Rd2 65. Ke8 Kf6 66. e7 Kg7 67. Rd1 Ra2 68. Kd7 Ra7+ 69. Ke6 Ra6+ 70. Kd7 Ra7+ 1/2-1/2

[Event "Moscow op"]
[Site "Moscow"]
[Date "1995.??.??"]
[Round "5"]
[White "Maljutin, Evgeni"]
[Black "Volkov, Sergey"]
[Result "0-1"]
[WhiteElo "2500"]
[BlackElo "2380"]
[PlyCount "72"]
[EventDate "1995.??.??"]
[EventType "swiss"]
[EventRounds "9"]
[EventCountry "RUS"]
[SourceTitle "EXT 2000"]
[Source "ChessBase"]
[SourceDate "1999.11.16"]
[SourceVersion "1"]
[SourceVersionDate "1999.11.16"]
[SourceQuality "1"]

1. e4 e6 2. d4 d5 3. exd5 exd5 4. Nf3 Nc6 5. Bb5 Bd6 6. c4 dxc4 7. Nc3 Nge7 8. d5 a6 9. Ba4 b5 10. dxc6 bxa4 11. Qxa4 0-0 12. 0-0 Rb8 13. a3 Rb6 14. Re1 h6 15. Nd2 Be6 16. Nxc4 Rxc6 17. Nxd6 cxd6 18. Ne2 Qd7 19. Bd2 Qb7 20. b4 Nf5 21. Nf4 Bc4 22. Bc3 d5 23. Rad1 Rd8 24. Qc2 Qc8 25. Bd4 g5 26. Nh5 Nxd4 27. Rxd4 Re8 28. Qc3 Rxe1+ 29. Qxe1 Bb3 30. Nf6+ Rxf6 31. h4 gxh4 32. Rxh4 Bc4 33. Qe5 Qf5 34. Qb8+ Kg7 35. f3 Rg6 36. Rf4 Qe6 0-1

[Event "Moscow op"]
[Site "Moscow"]
[Date "1995.??.??"]
[Round "7"]
[White "Maljutin, Evgeni"]
[Black "Yemelin, Vasily"]
[Result "1-0"]
[WhiteElo "2500"]
[BlackElo "2515"]
[PlyCount "65"]
[EventDate "1995.??.??"]
[EventType "swiss"]
[EventRounds "9"]
[EventCountry "RUS"]
[SourceTitle "EXT 2000"]
[Source "ChessBase"]
[SourceDate "1999.11.16"]
[SourceVersion "1"]
[SourceVersionDate "1999.11.16"]
[SourceQuality "1"]

1. e4 e5 2. Nf3 Nc6 3. c3 Nf6 4. d4 Qe7 5. d5 Nb8 6. Qc2 d6 7. c4 c5 8. Nc3 g6 9. Be2 Bg7 10. 0-0 0-0 11. Ne1 Na6 12. a3 Nd7 13. Nd3 f5 14. exf5 gxf5 15. f4 Nc7 16. a4 e4 17. Nf2 Nf6 18. Ra3 Bd7 19. Ncd1 Na6 20. Bd2 Qf7 21. Qb3 b6 22. Qh3 h5 23. Nh1 Ng4 24. Ng3 Bd4+ 25. Kh1 Be8 26. Ne3 Qg6 27. Ngxf5 Rxf5 28. Nxg4 hxg4 29. Bxg4 Rh5 30. Bxh5 Qxh5 31. Qe6+ Bf7 32. Rg3+ Kh7 33. Qxe4+ 1-0

[Event "Tula"]
[Site "Tula"]
[Date "1995.??.??"]
[Round "?"]
[White "Rustemov, Alexander"]
[Black "Maljutin, Evgeni"]
[Result "0-1"]
[WhiteElo "2450"]
[BlackElo "2500"]
[PlyCount "122"]
[EventDate "1995.??.??"]
[EventType "tourn"]
[EventRounds "11"]
[EventCountry "RUS"]
[EventCategory "6"]
[SourceTitle "EXT 1998"]
[Source "ChessBase"]
[SourceDate "1997.11.17"]
[SourceVersion "1"]
[SourceVersionDate "1997.11.17"]
[SourceQuality "1"]

1. c4 e5 2. g3 c6 3. d4 Bb4+ 4. Bd2 Bxd2+ 5. Qxd2 d6 6. Nc3 Nf6 7. Bg2 0-0 8. d5 c5 9. e4 a6 10. Nge2 Qa5 11. Nd1 Qxd2+ 12. Kxd2 b5 13. a3 Nbd7 14. Ne3 Nb6 15. cxb5 axb5 16. Nc3 Bd7 17. b4 Rfc8 18. Rhb1 g6 19. Bf1 c4 20. Be2 h5 21. f3 h4 22. g4 Kg7 23. Ng2 Rh8 24. Ra2 Nh7 25. Ne3 Ng5 26. Rba1 Ra7 27. Bd1 Rb8 28. Ke2 Nh3 29. Bc2 Kf6 30. Ng2 Nf4+ 31. Nxf4 exf4 32. Kd2 Rc8 33. Ne2 Ke5 34. Kc3 f5 35. gxf5 gxf5 36. Rg1 fxe4 37. Bxe4 Nxd5+ 38. Bxd5 Kxd5 39. Rg7 Rca8 40. Rd2+ Ke5 41. Kb2 Be8 42. Rg8 Bf7 43. Rxa8 Rxa8 44. Nc3 Rb8 45. Re2+ Kf5 46. Re7 Bh5 47. Ne2 Bxf3 48. Nd4+ Kf6 49. Re6+ Kf7 50. Rh6 Be4 51. Kc3 Rf8 52. Rxh4 Kg6 53. Ne6 Rf6 54. Nxf4+ Kg5 55. Rh5+ Kxf4 56. Rxb5 d5 57. Kd4 Ra6 58. Rb8 Rxa3 59. Rf8+ Kg5 60. b5 Rb3 61. Rg8+ Kf6 0-1

[Event "Montecatini Terme op"]
[Site "Montecatini Terme"]
[Date "1994.??.??"]
[Round "?"]
[White "Cirabisi, Federico"]
[Black "Maljutin, Evgeni"]
[Result "0-1"]
[WhiteElo "2240"]
[BlackElo "2495"]
[PlyCount "74"]
[EventDate "1994.??.??"]
[EventType "swiss"]
[EventRounds "9"]
[EventCountry "ITA"]
[SourceTitle "EXT 1999"]
[Source "ChessBase"]
[SourceDate "1998.11.16"]
[SourceVersion "1"]
[SourceVersionDate "1998.11.16"]
[SourceQuality "1"]

1. d4 d5 2. e3 c5 3. c3 e6 4. Bd3 Nf6 5. Nd2 Bd6 6. f4 cxd4 7. exd4 Bxf4 8. Nh3 Bd6 9. 0-0 Nc6 10. Nf3 Bd7 11. Qe2 Qc7 12. b4 h6 13. b5 Na5 14. Ne5 Qxc3 15. Bb2 Qc7 16. Rac1 Qb6 17. Kh1 Rc8 18. Rce1 Rc7 19. Rf3 Rf8 20. Ref1 Nc4 21. Rg3 Nxb2 22. Qxb2 Nh5 23. Rgf3 Bc8 24. a4 Nf6 25. Rg3 Ne4 26. Bxe4 dxe4 27. Rxg7 Qa5 28. Nf2 Qxa4 29. Nfg4 Rc2 30. Qb1 f5 31. Ne3 Rc3 32. Rc1 Qxd4 33. b6 Qxe3 34. Qb5+ Kd8 35. Rd1 Rc1 36. Qf1 Rxd1 37. Qxd1 Qxb6 0-1